• 首页
  • 本馆介绍
  • 公告通知
  • 最新文献
  • 馆藏检索
  • 电子资源
  • 读者导购
  • 参考咨询
  • 我的图书馆
  • 登录
  • 详细信息显示
  • 放入我的书架
  • 预约/预借图书
  • 作者相关作品
  • 分类相关作品
  • 丛书相关作品
  • 出版社相关作品

书目信息

  • 表格格式
  • 工作单格式
  • 卡片格式
题名:
代数群引论
    
 
作者: 黎景辉 , 陈志杰 , 赵春来 著
分册:  
出版信息: 北京   科学出版社  2006
页数: 10,457页
开本: 24cm
丛书名: 现代数学基础丛书
单 册:
中图分类: O187.2
科图分类:
主题词: 代数群
电子资源:
ISBN: 7-03-017861-0
000 01078oam2 2200289 450
001 0709000163
005 20070531130112.09
010    @a7-03-017861-0@dCNY68.00
100    @a20060104d2006 em y0chiy0110 ea
101 0  @achi
102    @aCN@b110000
105    @ac z 001yy
200 1  @a代数群引论@Adai shu qun yin lun@f黎景辉(等)著
210    @a北京@c科学出版社@d2006
215    @a10,457页@c肖像@d24cm
225 2  @a现代数学基础丛书@v101
300    @a中国科学院科学出版基金资助出版
320    @a有索引
330    @a本书分为三篇,第一篇介绍定义在代数闭域上的线性代数群,主要讨论根系结构,并且讨论线性代数群的Galois上同调理论及算术性质;第二篇讨论群概形,分为两个部分:前两章是有限群概形,其余三章是讲Abel概形的基本理论;第三篇讨论代数环面的算术性质,并介绍互反律到代数环面上的一个推广。
461  0 @12001 @a现代数学基础丛书
606 0  @a代数群
690    @aO187.2@v4
701  0 @a黎景辉@Ali jing hui@4著
701  0 @a陈志杰@Achen zhi jie@c(数学)@4著
701  0 @a赵春来@Azhao chun lai@f(1945~)@4著
801  0 @aCN@bNLC@c20070531
905    @a10447@dO187.2@e7
    
    代数群引论/黎景辉(等)著.-北京:科学出版社,2006
    10,457页:肖像;24cm.-(现代数学基础丛书;101)
    中国科学院科学出版基金资助出版
    
    ISBN 7-03-017861-0:CNY68.00
    本书分为三篇,第一篇介绍定义在代数闭域上的线性代数群,主要讨论根系结构,并且讨论线性代数群的Galois上同调理论及算术性质;第二篇讨论群概形,分为两个部分:前两章是有限群概形,其余三章是讲Abel概形的基本理论;第三篇讨论代数环面的算术性质,并介绍互反律到代数环面上的一个推广。
●
相关链接 在E读中查询图书 在五车中查询图书 在当当中查询图书 在豆瓣中查询图书


正题名:代数群引论     索取号:O187.2/7         预约/预借

序号 登录号 条形码 馆藏地/架位号 状态 备注
1 0523956   205239561   第二样本阅览室/ [索取号:O187.2/7] 在馆    
2 0523957   205239570   第三借阅区/ [索取号:O187.2/7] 在馆    
3 0523958   205239589   第三借阅区/ [索取号:O187.2/7] 在馆    
唐山师范学院图书馆 欢迎您!
大连网信软件有限公司© 版权所有